Click the Random Letter - Statistics

General Stats
  • This quiz has been taken 42 times
  • The average score is 25 of 26
Answer Stats
Hint Answer % Correct
H H
100%
A A
97%
B B
97%
D D
97%
E E
97%
F F
97%
I I
97%
J J
97%
K K
97%
L L
97%
N N
97%
O O
97%
P P
97%
Q Q
97%
S S
97%
T T
97%
V V
97%
W W
97%
X X
97%
Z Z
97%
C C
95%
G G
95%
M M
95%
R R
95%
U U
95%
Y Y
95%
No matching quizzes found
Score Distribution
Percent of People with Each Score
Percentile by Number Answered
Your Score History
You have not taken this quiz